Science glossary 1 Quiz Stats

 Plays Quiz not verified by Sporcle

Challenge
Share
Tweet
Score 0/37 Timer 10:00
0 Plays Today
% Correct
to plant again in the same place
84.8%
a layer of atmosphere made of oxygen
82.8%
made by nature
76.8%
a way of thinking
74.7%
makes electricity/energy from water
73.7%
the bad thing which is added to pollute something
73.7%
making something bad by adding something bad
71.7%
keep going
71.7%
keep the same
68.7%
water vapour
68.7%
can use it more than once
66.7%
something which is toxic to pests
65.7%
breaks things down
64.6%
can have a reason to do something
64.6%
protecting yourself from being hurt
64.6%
keeping the environment the same
63.6%
a place and the objects in that place
63.6%
something you can use
62.6%
making something better
61.6%
% Correct
carbon which can be burned to make energy
61.6%
able to keep going
60.6%
the way you do something
59.6%
an organism you do not want around
59.6%
the way to fix something
58.6%
change waste into something new and usable
56.6%
just enough, not too much
55.6%
using something again for the same reason
54.5%
a rotating machine that turns movement into energy
54.5%
can be broken down by living things
53.5%
something that is not needed or wanted
52.5%
set on fire or explode
51.5%
cannot be hurt
49.5%
keep the same
47.5%
have enough of something to do what you need to do
45.5%
being taken away
42.4%
makes no waste
31.3%
to bring down the use of something
29.3%

You're not logged in!

Compare scores with friends on all Sporcle quizzes.
OR
Log In

You Might Also Like...

Show Comments

Extras

Top Quizzes Today


Score Distribution

Your Account Isn't Verified!

In order to create a playlist on Sporcle, you need to verify the email address you used during registration. Go to your Sporcle Settings to finish the process.

Report this User

Report this user for behavior that violates our Community Guidelines.

Details: